| 000 | 00691nam a2200205 a 4500 | ||
|---|---|---|---|
| 001 | 4867 | ||
| 003 | CDMR | ||
| 005 | 20131203154258.0 | ||
| 008 | 130130s1974||||||||||||||||||||||||||||d | ||
| 040 |
_aCDMR _bcat _cCDMR |
||
| 245 | 0 |
_aIdeología y medios de comunicación _cCentro de Estudios de la Realidad Nacional ; R. Echeverría... [et al.] |
|
| 260 |
_aBuenos Aires _c1973 _bAmorrortu |
||
| 300 | _a207 p. | ||
| 490 | 0 |
_aBiblioteca de Sociología. _aSerie América Latina |
|
| 650 | 0 | 4 |
_92305 _aComunicació _xAspectes polítics |
| 650 | 0 | 4 |
_94289 _aComunicació _xAspectes socials |
| 650 | 0 | 4 |
_93082 _aMitjans de comunicació social |
| 700 | 1 |
_94433 _aEcheverría, Rafael |
|
| 942 |
_cMON _2udc |
||
| 999 |
_c4867 _d4867 |
||